banner-ar

ADVANCES IN AGRICULTURAL MICROBIOLOGY / (Record no. 20736)

MARC details
000 -الفاتح
حقل البيانات ثابتة الطول 00543nam a2200205Ia 4500
008 - عناصر البيانات ثابتة الطول - معلومات عامة
حقل البيانات ثابتة الطول 140319s9999 xx 000 0 eng d
040 ## - مصدر الفهرسة
وكالة الفهرسة الأصلية GCL /
وكالة النسخ GCL
082 04 - رقم تصنيف ديوى العشرى
رقم التصنيف 630
رقم المادة R A
100 1# - المدخل الرئيسى - إسم شخصى
الإسم الشخصى RAO, SUBBO
245 10 - بيان العنوان
العنوان ADVANCES IN AGRICULTURAL MICROBIOLOGY /
بيان المسئوليه,etc RAO, SUBBO
260 ## - PUBLICATION, DISTRIBUTION, ETC. (IMPRINT)
تاريخ النشر أو التوزيع 1982
300 ## - الوصف المادى
التعداد 704\P
650 04 - المدخل الاضافى بالموضوع-مصطلح موضوعى
مصطلح موضوعي AGRICULTURE
650 04 - المدخل الاضافى بالموضوع-مصطلح موضوعى
مصطلح موضوعي MICROBIOLOGY
650 04 - المدخل الاضافى بالموضوع-مصطلح موضوعى
مصطلح موضوعي MICRO ORGANISMS
650 04 - المدخل الاضافى بالموضوع-مصطلح موضوعى
مصطلح موضوعي NITROGEN FIXATION
650 04 - المدخل الاضافى بالموضوع-مصطلح موضوعى
مصطلح موضوعي NITROGENASE
942 ## - عناصر المدخل الإضافي( كوها)
مصدر التصنيف او مخطط الترفيف Dewey Decimal Classification
Koha [default] item type كتاب
260 ## - PUBLICATION, DISTRIBUTION, ETC. (IMPRINT)
-- [S.N] :
-- OXFORD & IBH PUBLISHING CO.PVT. LTD. ،
Holdings
حالة التراجع حالة الفقد حالة تلف ليس للاعارة المكان المؤقت الموقع الحالى تاريخ الاكتساب اجمالي اﻻعارات رقم الطلب الباركود تاريخ اخر مشاهدة تاريخ تفعيل السعر نوع وعاء كوها
        مكتبة القاهرة الكبرى مكتبة القاهرة الكبرى 03/26/2014   630\R A 38720 03/26/2014 03/26/2014 كتاب

Powered By

EGPV